La estructura social y cultural de Mx̌ico

Bibliographic Details
Main Author: Ezequiel Iturriaga, Još
Format: eBook
Language:Spanish
Published: Ciudad de Mx̌ico: Cm̀ara de Diputados, 2012
Edition:3a. edicin̤
Subjects:
Online Access:Acceso restringido

MARC

LEADER 00000nam a22000007a 4500
005 20171121192825.0
007 cr|||| ||||
008 171121s2012 mx |||||s|||| 00||0 spa d
020 |a 978-607-401-593-5 
035 |a 20840 
040 |a vLex 
090 |c 7217  |d 7217 
100 1 |a Ezequiel Iturriaga, Još 
245 1 3 |a La estructura social y cultural de Mx̌ico  |h [Recurso electrn̤ico] /  |c Jos ̌E. Iturriaga  
250 |a 3a. edicin̤ 
256 |a Servicio en ln̕ea 
260 |a Ciudad de Mx̌ico:  |b Cm̀ara de Diputados,  |c 2012 
300 |a 1 recurso electrn̤ico (330p.) 
506 1 |a Disponible solo en los productos indicados  |d vLex Global  |d vLex Global (Academic Edition, excluding Law Schools)  |d vLex Global (U.S. Academic Edition, Law Schools)  |d vLex Global (U.S. Academic Edition, excluding Law Schools)  |d vLex Global (Academic Edition, Law Schools) 
650 0 4 |a Ciencias sociales  |z Mx̌ico 
740 0 |a vLex Libros (Servicio en ln̕ea) 
856 4 0 |u http://vlex.com/source/estructura-social-cultural-mexico-20840  |z Acceso restringido 
942 |c BOOK 
999 0 |a Social sciences